Breakaway / (Record no. 5543)

MARC details
000 -LEADER
fixed length control field 01059cam a22003374a 4500
001 - CONTROL NUMBER
control field 5543
003 - CONTROL NUMBER IDENTIFIER
control field FISKH
005 - DATE AND TIME OF LATEST TRANSACTION
control field 20241217114038.0
008 - FIXED-LENGTH DATA ELEMENTS--GENERAL INFORMATION
fixed length control field 090724s2010 nyu c 000 1 eng
010 ## - LIBRARY OF CONGRESS CONTROL NUMBER
LC control number 2009027035
020 ## - INTERNATIONAL STANDARD BOOK NUMBER
International Standard Book Number 9780399252150
040 ## - CATALOGING SOURCE
Original cataloging agency DLC
Transcribing agency DLC
Language of cataloging eng
050 ## - LIBRARY OF CONGRESS CALL NUMBER
Classification number PZ7.M76342
082 ## - DEWEY DECIMAL CLASSIFICATION NUMBER
Classification number 560
100 1# - MAIN ENTRY--PERSONAL NAME
Personal name Montalbano, Andrea.
245 10 - TITLE STATEMENT
Title Breakaway /
Statement of responsibility, etc. Andrea Montalbano.
246 3# - VARYING FORM OF TITLE
Title proper/short title Break away
250 ## - EDITION STATEMENT
Edition statement First Scholastic printing, May 2011
260 ## - PUBLICATION, DISTRIBUTION, ETC.
Place of publication, distribution, etc. New York :
Name of publisher, distributor, etc. Scholastic,
Date of publication, distribution, etc. 2010.
300 ## - PHYSICAL DESCRIPTION
Extent 202 pages :
Other physical details 20 cm
505 ## - FORMATTED CONTENTS NOTE
Formatted contents note R<br/>
520 ## - SUMMARY, ETC.
Summary, etc. When seventh-grade soccer star LJ befriends Tabitha, who could not be more different from her, LJ learns to curb her competitive nature, which has been slowly alienating her friends.
521 8# - TARGET AUDIENCE NOTE
Target audience note 710<br/>
Source Lexile <br/>
521 8# - TARGET AUDIENCE NOTE
Target audience note R<br/>
Source Raz-Plus <br/>
650 #1 - SUBJECT ADDED ENTRY--TOPICAL TERM
Topical term or geographic name entry element Teamwork (Sports)
Form subdivision Fiction.
650 #1 - SUBJECT ADDED ENTRY--TOPICAL TERM
Topical term or geographic name entry element Soccer
Form subdivision Fiction.
650 #1 - SUBJECT ADDED ENTRY--TOPICAL TERM
Topical term or geographic name entry element Family life
Form subdivision Fiction.
906 ## - LOCAL DATA ELEMENT F, LDF (RLIN)
a 7
b cbc
c orignew
d 1
e ecip
f 20
g y-gencatlg
942 ## - ADDED ENTRY ELEMENTS (KOHA)
Source of classification or shelving scheme Dewey Decimal Classification
Koha item type Books
Suppress in OPAC No
Holdings
Withdrawn status Lost status Source of classification or shelving scheme Damaged status Not for loan Collection Home library Current library Shelving location Date acquired Total Checkouts Full call number Barcode Date last seen Price effective from Koha item type
    Dewey Decimal Classification     Juvenile Fiction Footprints International School Library Network Toul Kork Campus Footprints International School Library Network Toul Kork Campus TTP Primary Orange Bookshelves 12/17/2024   MON 560 PZ7.M76342 2024-2467 12/17/2024 12/17/2024 Books